000 00385pam a2200157a 44500
008 230515b2004 xxu||||| |||| 00| 0 eng d
020 _aNULL
041 _aENGLISH
082 _aN.D.
100 _a"Ingle V K, Proakis J G"
245 _aDigital Signal Processing (A Self Study Guide)
250 _a0
260 _aNULL
_bPearson Education
_c2004
300 _a418
650 _aNULL
999 _c587053
_d587053